Αλιεία
Αποθηκεύτηκε σε:
| Μορφή: | Βιβλίο |
|---|---|
| Γλώσσα: | Greek |
| Δημοσίευση: |
Αθήνα :
Κέντρο Προγραμματισμού και Οικονομικών Ερευνών,
1989
|
| Σειρά: | Εκθέσεις για το πρόγραμμα 1988-1992 ;
; 3 |
| Θέματα: | |
| Ετικέτες: |
Προσθήκη ετικέτας
Δεν υπάρχουν, Καταχωρήστε ετικέτα πρώτοι!
|
MARC
| LEADER | 00000nam a2200000 i 4500 | ||
|---|---|---|---|
| 001 | 1/98274 | ||
| 008 | 950309s1989 gre d | ||
| 035 | |l 10010875 | ||
| 040 | |a GR-MY-UA |b gre |e aacr | ||
| 041 | 0 | |a gre | |
| 082 | 0 | |a 338.37209495 | |
| 245 | 1 | 0 | |a Αλιεία |
| 260 | |a Αθήνα : |b Κέντρο Προγραμματισμού και Οικονομικών Ερευνών, |c 1989 | ||
| 300 | |a 197 σ. | ||
| 490 | 1 | |a Εκθέσεις για το πρόγραμμα 1988-1992 |v ; 3 | |
| 650 | 0 | 0 | |a Fishing |z Greece. |
| 650 | 0 | 0 | |a Fishery management |z Greece. |
| 650 | 0 | 0 | |a Fishery policy |z Greece. |
| 830 | 0 | |a Εκθέσεις για το πρόγραμμα 1988-1992 ; |v ; 3 | |
| 852 | |a INST |b LESVOS |e 19950309 |h 338.37209495 ΑΛΙ |p 005100002506 |q 005100002506 |t BK |y 0 | ||
| 909 | |a Λ |b 016799 | ||